Guía práctica para la interpretación del MCMI -Millon Multiaxial Clinical Inventory-

محفوظ في:
التفاصيل البيبلوغرافية
المؤلفون الرئيسيون: Choca, James P (مؤلف), Denburg, Eric van (مؤلف)
التنسيق: كتاب
اللغة:الإسبانية
منشور في: Barcelona Paidós 1998
سلاسل:Evaluación Psicológica, 71
الموضوعات:
الوسوم: إضافة وسم
لا توجد وسوم, كن أول من يضع وسما على هذه التسجيلة!

MARC

LEADER 00000cam a2200000 a 4500
001 UCF2702
003 CL-VaPUC
008 120830e19980000SP |||||||||||||||||spa|d
020 |a 8449306396 
082 0 4 |a 158.1  |b CHO  |2 21 
100 0 |a Choca, James P  |e author  |9 564456 
700 0 |a Denburg, Eric van  |e author  |9 564457 
245 1 0 |a Guía práctica para la interpretación del MCMI -Millon Multiaxial Clinical Inventory- 
300 |a 335 p 
942 |c BK 
945 |d 20120830 00:00:00  |a dcastane 
260 |a Barcelona  |b Paidós  |c 1998 
650 7 |a EVALUACION PSICOLOGICA  |2 CL-VaPUC  |9 375317 
650 0 |a Psicología del adolescente   |9 307864 
650 7 |a PSICOLOGIA DE LOS ADULTOS  |2 CL-VaPUC  |9 334763 
583 |a last modification  |c 20130102 08:45:19  |k Rodrigo Vera 
490 0 |a Evaluación Psicológica, 71 
999 |c 349242  |d 349240 
952 |0 0  |1 0  |4 0  |6 158_100000000000000_CHO_1998  |7 0  |8 A  |9 451767  |a BIBEDU  |b BIBEDU  |d 2019-11-22  |i 489961K  |o 158.1 CHO 1998  |p 489961K  |r 2019-11-22  |w 2019-11-22  |y BK  |k PSI 
952 |0 0  |1 0  |4 0  |6 158_100000000000000_CHO_1998  |7 0  |8 A  |9 451768  |a BIBEDU  |b BIBEDU  |d 2019-11-22  |i 4899628  |o 158.1 CHO 1998  |p 4899628  |r 2019-11-22  |w 2019-11-22  |y BK  |k PSI